000 00542 a2200181 4500
999 _c8901
_d8901
020 _a9781910661277
050 _aKD2040MAV2015
100 _aMavrikakis , Alexis
_eauthor
245 _aBusiness law and practice 2015/16 /
_cAlexis Mavrikakis ...[et al].
264 _aGuildford:
_bCollege of law publishing,
_c2015
300 _a561p. :
500 _aincludes index
650 _abusiness law
700 _aWatson Helen
_eauthor
700 _aMorris Christopher
_eauthor
700 _aHancock Nick
_eauthor
942 _2lcc
_cBK
_h2040
_iMAV
_kKD